Music Quiz

Random Music or Rock Quiz
Score 0/55 Timer 06:00
1 Play Today
% Correct
London Calling
88.7%
Rock the Casbah
86.2%
Sabbath Bloody Sabbath
83%
Heart of Glass
82.5%
Call Me
81.9%
Sultans of Swing
81.9%
Rock and Roll All Nite
81.4%
Money for Nothing
81.3%
Black Magic Woman
79%
Detroit Rock City
78.4%
Iron Man
76.7%
Paranoid
74.5%
One Way or Another
73.7%
War Pigs
72.3%
I Want You to Want Me
72.3%
Oye Como Va
71%
Walk of Life
70.7%
The Tide is High
69.8%
Come Sail Away
69.3%
Nights in White Satin
69.1%
Beth
67.1%
The Guns of Brixton
66.7%
Listen to the Music
66%
China Grove
64%
I Was Made for Lovin' You
63.2%
Rapture
62.2%
Black Water
60.1%
Children of the Grave
59.9%
% Correct
Love Gun
59.7%
Shout It Out Loud
58.8%
Dream Police
58.3%
What a Fool Believes
58.1%
Surrender
56.3%
Long Train Runnin'
56.3%
Jesus is Just Alright
55.8%
I'm So Bored with the USA
54%
Train in Vain
54%
Spanish Bombs
53.6%
White Riot
52.1%
Renegade
48.9%
Clampdown
46.2%
God of Thunder
44.3%
Ain't That a Shame
44%
So Far Away
42.4%
Blue Collar Man
42.3%
The Flame
42.2%
The Magnificent Seven
41.4%
Minute by Minute
40.2%
N.I.B.
39.3%
The Wizard
39.3%
Black Diamond
36.5%
Straight to Hell
36%
Symptom of the Universe
33.8%
Sweet Leaf
32.7%
Heaven Tonight
28.4%
Remove Ads.
Support Sporcle.
Get the best of Sporcle when you Go Orange. This ad-free experience offers more features, more stats, and more fun while also helping to support Sporcle. Thank you for becoming a member.

You're not logged in!

Compare scores with friends on all Sporcle quizzes.
OR
Log In

Show Comments

Extras

Top Quizzes Today


Score Distribution

Your Account Isn't Verified!

In order to create a playlist on Sporcle, you need to verify the email address you used during registration. Go to your Sporcle Settings to finish the process.

Report this User

Report this user for behavior that violates our Community Guidelines.

Details: